| 000 | 00691nam a2200205 4500 | ||
|---|---|---|---|
| 001 | 116380 | ||
| 003 | ES-MaACL | ||
| 005 | 20240509155841.0 | ||
| 007 | t| | ||
| 008 | 061121s1928 sp r ||||1| spa d | ||
| 100 | 1 |
_aOssorio y Gallardo, Ángel, _d1873-1946 _9138613 |
|
| 245 | 1 | 0 |
_aAntonio Maura / _cAngel Ossorio y Gallardo. |
| 260 |
_aSalamanca : _b[s.n.], _c1928 ( _fImp. de Nuñez) |
||
| 300 |
_a24 p. ; _c18 cm. |
||
| 490 | 1 |
_aEstudios políticos, sociales y económicos ; _v4 |
|
| 600 | 1 | 4 |
_aMaura y Montaner, Antonio, _d1853-1925 _979224 |
| 830 | 0 |
_aEstudios políticos, sociales y económicos ; _v4 _9186367 |
|
| 852 |
_aES-MaACL _j1736-F-8 |
||
| 999 |
_c116380 _d116380 |
||